|
|
|
|
| LEADER |
00869nab a2200205 i 4500 |
| 001 |
acta45054 |
| 005 |
20251211120052.0 |
| 008 |
170519s1986 hu o 000 bul d |
| 040 |
|
|
|a SZTE Egyetemi Kiadványok Repozitórium
|b hun
|
| 041 |
|
|
|a bul
|
| 100 |
1 |
|
|a Mečev Konstantin
|
| 245 |
1 |
0 |
|a B"lgariâ prez IX vek i kirilometodievogo delo
|h [elektronikus dokumentum] :
|b k"m postanovkata na voprosa /
|c Mečev Konstantin
|
| 260 |
|
|
|c 1986
|
| 300 |
|
|
|a 55-65
|
| 490 |
0 |
|
|a Hungaro-Bulgarica
|v 1
|
| 650 |
|
4 |
|a Bölcsészettudományok
|
| 650 |
|
4 |
|a Történettudomány és régészet
|
| 695 |
|
|
|a Szent Cirill, Szent Metód, Bulgária története - 9. sz., Írásbeliség - szláv
|
| 710 |
|
|
|a Cirill és Metód tevékenysége Pannóniában (1986) (Budapest/Zalavár/Keszthely)
|
| 856 |
4 |
0 |
|u http://acta.bibl.u-szeged.hu/45054/1/hungaro-bulgarica_001_055-065.pdf
|z Dokumentum-elérés
|